Semiología y síndromes en psicopatología /

Dades bibliogràfiques
Autor principal: Pinos Abad, Guido (autor)
Format: Llibre
Idioma:Spanish
Publicat: Cuenca: Editorial Universidad de Cuenca. Facultad de Ciencias Médicas, 2005
Edició:Primera edición.
Matèries:

MARC

LEADER 00000cam a2200000 i 4500
003 Ucuenca
005 20231024063010.0
006 a||||fr|||| 001 ||
007 ta
008 006062s2005 ec aaaafr ||||1|||spa a
040 |b spa  |a UCuenca-cdrjbv  |c UCuenca  |e rda 
041 0 |a spa 
082 0 |a 616.89  |2 21  |c 30233 
100 1 |9 185976  |a Pinos Abad, Guido  |e autor 
245 0 0 |a Semiología y síndromes en psicopatología /   |c Guido Pinos Abad. 
250 |a Primera edición. 
264 1 |a Cuenca:   |b Editorial Universidad de Cuenca. Facultad de Ciencias Médicas,   |c 2005 
300 |a 73 páginas:  |b tab  |c 21 cm 
336 |2 rdacontent  |a texto  |b txt 
337 |2 rdamedia  |a no mediado  |b n 
338 |2 rdacarrier  |a volumen  |b nc 
504 |a incl. ref. 
650 1 4 |a Psiquiatría  |9 12726 
650 1 7 |2 UCuenca-cdrjbv  |a Diagnóstico  |9 2052 
650 1 7 |a Enfermedades  |9 14736 
651 |2 UCuenca-cdrjbv 
852 |a UC-SALUD  |f Donación  |l 1  |m General  |p 20060620  |q $ 1.00  |t 30233  |b 0  |d CDRS  |e CDRS  |g 616.89 30233  |z 2006-60-62 
942 |c BK  |0 4  |2 ddc  |r margoth.maza@ucuenca.edu.ec  |z daniel.carrión@ucuenca.edu.ec 
999 |c 54054  |d 54054